[Event "ZH-2023-0-02265"]
[Site "LSS email"]
[Date "2023.05.13"]
[Round "?"]
[White "Ozen, Bahadir"]
[Black "Chumanov, Valeriy"]
[Result "1-0"]
[WhiteElo "2246"]
[BlackElo "2146"]
[PlyCount "83"]
[EventDate "2023.05.07"]
[EventType "match (corr)"]
[EventRounds "2"]
[EventCountry "GER"]
[SourceTitle "Corr 2024"]
[Source "ChessBase"]
[SourceDate "2023.10.19"]
[SourceVersion "1"]
[SourceVersionDate "2023.10.19"]
[SourceQuality "1"]

1. Nf3 Nf6 2. g3 g6 3. Bg2 Bg7 4. d4 0-0 5. c4 d6 6. Nc3 c5 7. 0-0 Nc6 8. dxc5 dxc5 9. Be3 Qa5 10. Qb3 Ng4 11. Bd2 Nd4 12. Nxd4 cxd4 13. Qb5 Qd8 14. Nd5 e6 15. Nf4 Rb8 16. Nd3 Re8 17. h3 Nf6 18. Bf4 Ra8 19. c5 a6 20. Qc4 Nd7 21. Bd6 Nb6 22. Qb3 Nd5 23. Be5 Ne7 24. Bxb7 Bxb7 25. Qxb7 f6 26. Bd6 Nf5 27. Rac1 Bh6 28. Bf4 Bxf4 29. gxf4 a5 30. Rc4 Qd5 31. Qxd5 exd5 32. Rc2 Ne7 33. a3 Nc6 34. Rb1 a4 35. b4 Kf7 36. b5 Reb8 37. b6 Rb7 38. Nb4 d3 39. Nxd3 Nd4 40. Rcb2 Ke8 41. Nb4 Rc8 42. Na6 1-0

[Event "ZH-2023-0-02261"]
[Site "LSS email"]
[Date "2023.05.01"]
[Round "?"]
[White "Chumanov, Valeriy"]
[Black "Ozen, Bahadir"]
[Result "0-1"]
[WhiteElo "2143"]
[BlackElo "2253"]
[PlyCount "78"]
[EventDate "2023.04.30"]
[EventType "match (corr)"]
[EventRounds "2"]
[EventCountry "GER"]
[SourceTitle "Corr 2024"]
[Source "ChessBase"]
[SourceDate "2023.10.19"]
[SourceVersion "1"]
[SourceVersionDate "2023.10.19"]
[SourceQuality "1"]

1. e4 e5 2. Nf3 Nc6 3. Bb5 a6 4. Ba4 Nf6 5. 0-0 Be7 6. d4 exd4 7. e5 Ne4 8. Nxd4 0-0 9. Re1 Nxd4 10. Qxd4 Nc5 11. Nc3 d6 12. Bb3 c6 13. exd6 Qxd6 14. Be3 Nxb3 15. axb3 Bf5 16. Qxd6 Bxd6 17. Rac1 Rfe8 18. Na4 h5 19. c3 b5 20. Nb6 Rad8 21. c4 Bb4 22. Red1 Rxd1+ 23. Rxd1 Bc2 24. Rc1 Bxb3 25. cxb5 cxb5 26. Nc8 Bc4 27. Nb6 Bb3 28. Nc8 Rd8 29. Na7 Bd2 30. Ra1 Bxe3 31. fxe3 Rd6 32. Nc8 Re6 33. Ra3 Bc2 34. Rc3 Bf5 35. Na7 Rd6 36. Rc6 Rd1+ 37. Kf2 Be4 38. Rxa6 Rd2+ 39. Ke1 Rxb2 0-1

[Event "OP-2023-0-05391"]
[Site "LSS email"]
[Date "2023.03.27"]
[Round "?"]
[White "Quimtero, Raul"]
[Black "Chumanov, Valeriy"]
[Result "1-0"]
[WhiteElo "2022"]
[BlackElo "2184"]
[PlyCount "25"]
[EventDate "2023.03.18"]
[EventType "tourn (corr)"]
[EventRounds "4"]
[EventCountry "GER"]
[SourceTitle "Corr 2024"]
[Source "ChessBase"]
[SourceDate "2023.10.19"]
[SourceVersion "1"]
[SourceVersionDate "2023.10.19"]
[SourceQuality "1"]

1. Nf3 Nf6 2. b3 b6 3. Bb2 Bb7 4. e3 e6 5. c4 c5 6. Nc3 Nc6 7. Be2 Be7 8. d4 0-0 9. d5 exd5 10. cxd5 Nb4 11. d6 Bxd6 12. a3 Nc6 13. Qxd6 1-0

[Event "RM-2023-0-00280"]
[Site "LSS email"]
[Date "2023.03.13"]
[Round "?"]
[White "Chumanov, Valeriy"]
[Black "Nichols, Scott"]
[Result "0-1"]
[WhiteElo "2203"]
[BlackElo "2301"]
[PlyCount "34"]
[EventDate "2022.12.24"]
[EventType "tourn (corr)"]
[EventRounds "6"]
[EventCountry "GER"]
[SourceTitle "Corr 2024"]
[Source "ChessBase"]
[SourceDate "2023.10.19"]
[SourceVersion "1"]
[SourceVersionDate "2023.10.19"]
[SourceQuality "1"]

1. e4 e5 2. Nf3 Nc6 3. Bb5 Nf6 4. d3 Bc5 5. c3 0-0 6. 0-0 d5 7. Nbd2 dxe4 8. dxe4 a5 9. Bxc6 bxc6 10. Nxe5 Re8 11. Nb3 Bd6 12. Nxc6 Qd7 13. e5 Qxc6 14. exd6 a4 15. Nd4 Qxd6 16. Qf3 Ba6 17. Rd1 Be2 0-1

[Event "RM-2023-0-00280"]
[Site "LSS email"]
[Date "2023.03.13"]
[Round "?"]
[White "Sorcinelli, Andrea"]
[Black "Chumanov, Valeriy"]
[Result "1-0"]
[WhiteElo "2269"]
[BlackElo "2203"]
[PlyCount "79"]
[EventDate "2022.12.24"]
[EventType "tourn (corr)"]
[EventRounds "6"]
[EventCountry "GER"]
[SourceTitle "Corr 2024"]
[Source "ChessBase"]
[SourceDate "2023.10.19"]
[SourceVersion "1"]
[SourceVersionDate "2023.10.19"]
[SourceQuality "1"]

1. e4 c5 2. Nf3 d6 3. d4 cxd4 4. Nxd4 Nf6 5. Nc3 e5 6. Bb5+ Bd7 7. Bxd7+ Nbxd7 8. Nf5 Qb6 9. 0-0 Rc8 10. a4 g6 11. Ne3 Bg7 12. Nb5 0-0 13. Qxd6 Qxd6 14. Nxd6 Rc6 15. Nxb7 Nxe4 16. Rd1 Rc7 17. Nd6 Nxd6 18. Rxd6 Nf6 19. a5 Ne4 20. Rd1 f5 21. f3 Nf6 22. b3 e4 23. Ra4 exf3 24. gxf3 Re8 25. Kf1 Rc5 26. Rd3 Rec8 27. Rc4 Bf8 28. Rxc5 Rxc5 29. Nc4 Rd5 30. Rxd5 Nxd5 31. Ne5 Bd6 32. c4 Nc7 33. f4 a6 34. Be3 Ne6 35. Nc6 Kf7 36. b4 Ke8 37. b5 axb5 38. cxb5 Nc7 39. b6 Na6 40. Ke2 1-0

[Event "RM-2023-0-00280"]
[Site "LSS email"]
[Date "2023.03.12"]
[Round "?"]
[White "Cirulis, Ilmars"]
[Black "Chumanov, Valeriy"]
[Result "1-0"]
[WhiteElo "2270"]
[BlackElo "2203"]
[PlyCount "47"]
[EventDate "2022.12.24"]
[EventType "tourn (corr)"]
[EventRounds "6"]
[EventCountry "GER"]
[SourceTitle "Corr 2024"]
[Source "ChessBase"]
[SourceDate "2023.10.19"]
[SourceVersion "1"]
[SourceVersionDate "2023.10.19"]
[SourceQuality "1"]

1. c4 c5 2. Nc3 Nc6 3. Nf3 Nf6 4. g3 g6 5. Bg2 Bg7 6. d4 cxd4 7. Nxd4 0-0 8. 0-0 Nxd4 9. Qxd4 d6 10. Qd3 a6 11. a4 Rb8 12. Ra2 Be6 13. b3 Nd7 14. Qc2 Nc5 15. Bd2 b6 16. h4 Re8 17. Rc1 a5 18. Bf4 h6 19. Nb5 Qc8 20. Kh2 Bd7 21. Na7 Qc7 22. Nb5 Qc8 23. Rf1 Bc6 24. Na7 1-0

[Event "WC-2021-S-00006"]
[Site "LSS email"]
[Date "2021.04.03"]
[Round "?"]
[White "Felicio, Clairton"]
[Black "Chumanov, Valeriy"]
[Result "1-0"]
[WhiteElo "2357"]
[BlackElo "2324"]
[PlyCount "119"]
[EventDate "2021.04.03"]
[EventType "tourn (corr)"]
[EventRounds "6"]
[EventCountry "GER"]
[SourceTitle "Corr 2024"]
[Source "ChessBase"]
[SourceDate "2023.10.19"]
[SourceVersion "1"]
[SourceVersionDate "2023.10.19"]
[SourceQuality "1"]

1. d4 d5 2. c4 c6 3. Nf3 Nf6 4. Nc3 e6 5. e3 Nbd7 6. Qc2 Bd6 7. Bd3 0-0 8. 0-0 h6 9. b3 Re8 10. Bb2 b6 11. e4 dxc4 12. Bxc4 e5 13. Ne2 b5 14. Bd3 Qb6 15. a4 exd4 16. Bxd4 Qb8 17. h3 bxa4 18. Rxa4 a5 19. Rfa1 Bb7 20. Rxa5 Rxa5 21. Rxa5 c5 22. Bxf6 Nxf6 23. Nc3 Qc8 24. Ra1 Bc7 25. Rd1 Qe6 26. Nb5 Bb6 27. Re1 Ba5 28. Ra1 Bb6 29. Nc3 Rd8 30. Kf1 Bc7 31. Ra7 Qb6 32. Ra1 Qe6 33. Ra4 Qe7 34. Bc4 Bb8 35. Qe2 Qe8 36. Qe3 Kh8 37. Qe1 g6 38. Bb5 Qe7 39. Qe2 Kh7 40. Ba6 Bc6 41. Bb5 Bb7 42. Kg1 Kg7 43. Qe3 Qe6 44. Bc4 Qe7 45. g3 Bc6 46. Ra6 Bb7 47. Rb6 Ba8 48. h4 Ng4 49. Qe1 Nf6 50. Bb5 Bc7 51. Ra6 Bb7 52. Ra2 Rd6 53. Bc4 Nxe4 54. Ra7 Qf6 55. Rxb7 Nxc3 56. Rxc7 Rd1 57. Qxd1 Nxd1 58. Rxf7+ Qxf7 59. Bxf7 Kxf7 60. Ne5+ 1-0

[Event "WC-2021-T-00003"]
[Site "LSS email"]
[Date "2021.01.15"]
[Round "?"]
[White "Bernal Varela, Nelson"]
[Black "Chumanov, Valeriy"]
[Result "1-0"]
[WhiteElo "2431"]
[BlackElo "2305"]
[PlyCount "93"]
[EventDate "2021.01.15"]
[EventType "tourn (corr)"]
[EventRounds "10"]
[EventCountry "GER"]
[SourceTitle "Corr 2024"]
[Source "ChessBase"]
[SourceDate "2023.10.19"]
[SourceVersion "1"]
[SourceVersionDate "2023.10.19"]
[SourceQuality "1"]

1. Nf3 d5 2. d4 a6 3. g3 Nf6 4. Bg2 h6 5. c4 c6 6. Nc3 Bf5 7. Nh4 Be4 8. Nxe4 Nxe4 9. Qb3 b5 10. cxd5 cxd5 11. a4 Nc6 12. axb5 Nxd4 13. Qd3 Nxb5 14. Bxe4 dxe4 15. Qxe4 Rc8 16. 0-0 Nd6 17. Qd4 Nb5 18. Qa4 Qb6 19. Be3 Qb7 20. Rfd1 g6 21. Bd4 Rg8 22. Nf3 g5 23. Be5 g4 24. Ne1 Rg6 25. Rac1 h5 26. Qe4 Rgc6 27. Bf4 Qb6 28. Be3 Rxc1 29. Rxc1 Qb8 30. Nd3 Nd6 31. Rxc8+ Qxc8 32. Qa4+ Qd7 33. Qxa6 Bg7 34. Bc5 Qc8 35. Qa4+ Qd7 36. Qf4 Bf6 37. Bxd6 Qxd6 38. Qf5 Qd4 39. Qxh5 Qe4 40. Qb5+ Kf8 41. e3 Qf3 42. Qb8+ Kg7 43. Qb3 Qe2 44. Qd5 e6 45. Qe4 Kf8 46. Kg2 Be7 47. Ne5 1-0

[Event "WC-2021-T-00003"]
[Site "LSS email"]
[Date "2021.01.15"]
[Round "?"]
[White "Chumanov, Valeriy"]
[Black "Bernal Varela, Nelson"]
[Result "1/2-1/2"]
[WhiteElo "2305"]
[BlackElo "2431"]
[PlyCount "60"]
[EventDate "2021.01.15"]
[EventType "tourn (corr)"]
[EventRounds "10"]
[EventCountry "GER"]
[SourceTitle "Corr 2024"]
[Source "ChessBase"]
[SourceDate "2023.10.19"]
[SourceVersion "1"]
[SourceVersionDate "2023.10.19"]
[SourceQuality "1"]

1. e4 e6 2. d4 d5 3. Nc3 Nf6 4. e5 Nfd7 5. f4 c5 6. Nf3 cxd4 7. Nxd4 Nc6 8. Be3 Qb6 9. Qd2 Qxb2 10. Rb1 Qa3 11. Bb5 Nxd4 12. Bxd4 a6 13. Bxd7+ Bxd7 14. Rb3 Qe7 15. Rxb7 Rc8 16. 0-0 Qd8 17. Qe3 Rc4 18. Rfb1 Be7 19. f5 Bg5 20. Qd3 0-0 21. f6 Bc6 22. Re7 h6 23. g3 h5 24. h4 Bh6 25. Kh2 Qc8 26. fxg7 Bxg7 27. Ra7 Bb5 28. Qe3 Rxd4 29. Qxd4 Qc4 30. Qxc4 Bxc4 1/2-1/2

[Event "WC-2021-T-00003"]
[Site "LSS email"]
[Date "2021.01.15"]
[Round "?"]
[White "Chumanov, Valeriy"]
[Black "Glatthaar, Michael"]
[Result "1/2-1/2"]
[WhiteElo "2305"]
[BlackElo "2490"]
[PlyCount "78"]
[EventDate "2021.01.15"]
[EventType "tourn (corr)"]
[EventRounds "10"]
[EventCountry "GER"]
[SourceTitle "Corr 2024"]
[Source "ChessBase"]
[SourceDate "2023.10.19"]
[SourceVersion "1"]
[SourceVersionDate "2023.10.19"]
[SourceQuality "1"]

1. e4 e5 2. Nf3 Nc6 3. Bb5 Nf6 4. 0-0 Nxe4 5. d4 Nd6 6. Bxc6 dxc6 7. dxe5 Nf5 8. Qxd8+ Kxd8 9. h3 Ke8 10. Nc3 Be7 11. Bf4 Nh4 12. Nxh4 Bxh4 13. g4 h5 14. f3 Ke7 15. Kg2 b6 16. Rfd1 Ba6 17. a4 Rad8 18. Rxd8 Rxd8 19. a5 Bc4 20. axb6 axb6 21. Ra4 b5 22. Ra7 Kd7 23. e6+ Kxe6 24. Rxc7 Bd5 25. Nxd5 cxd5 26. Rc6+ Ke7 27. gxh5 Bf6 28. b4 Rh8 29. h6 gxh6 30. Rb6 Rg8+ 31. Kf1 Rc8 32. Bd6+ Ke8 33. Rxb5 Be7 34. Bxe7 Kxe7 35. Rxd5 Rxc2 36. Re5+ Kd6 37. Rh5 f6 38. Ke1 Rb2 39. Rxh6 Rxb4 1/2-1/2

[Event "WC-2021-T-00003"]
[Site "LSS email"]
[Date "2021.01.15"]
[Round "?"]
[White "Perez, Brigiliano"]
[Black "Chumanov, Valeriy"]
[Result "1-0"]
[WhiteElo "2493"]
[BlackElo "2305"]
[PlyCount "61"]
[EventDate "2021.01.15"]
[EventType "tourn (corr)"]
[EventRounds "10"]
[EventCountry "GER"]
[SourceTitle "Corr 2024"]
[Source "ChessBase"]
[SourceDate "2023.10.19"]
[SourceVersion "1"]
[SourceVersionDate "2023.10.19"]
[SourceQuality "1"]

1. e4 e5 2. Nf3 Nc6 3. Bb5 a6 4. Ba4 Nf6 5. 0-0 d6 6. Re1 b5 7. Bb3 Be7 8. c3 0-0 9. h3 Bb7 10. d4 Re8 11. Nbd2 Bf8 12. a3 h6 13. Bc2 Nb8 14. b3 Nbd7 15. Bb2 c6 16. Bd3 Nh5 17. Bf1 Nf4 18. Qc2 Rc8 19. g3 Ne6 20. h4 a5 21. Bh3 exd4 22. Nxd4 Nec5 23. Re3 Qc7 24. c4 b4 25. Rae1 bxa3 26. Bxa3 Rcd8 27. Bb2 Bc8 28. Nf5 Na6 29. Qc3 f6 30. R1e2 Ndc5 31. Bg2 1-0

[Event "WC-2020-S-00004"]
[Site "LSS email"]
[Date "2020.04.01"]
[Round "?"]
[White "Chumanov, Valeriy"]
[Black "Glatthaar, Michael"]
[Result "1/2-1/2"]
[WhiteElo "2315"]
[BlackElo "2508"]
[PlyCount "109"]
[EventDate "2020.04.01"]
[EventType "tourn (corr)"]
[EventRounds "12"]
[EventCountry "GER"]
[SourceTitle "Corr 2022"]
[Source "ChessBase"]
[SourceDate "2021.10.24"]
[SourceVersion "1"]
[SourceVersionDate "2021.10.24"]
[SourceQuality "1"]

1. e4 e5 2. Nf3 Nc6 3. Bc4 Bc5 4. c3 Nf6 5. d3 d6 6. 0-0 0-0 7. h3 a5 8. Re1 h6 9. Nbd2 Be6 10. Bb5 Qb8 11. Nf1 Qa7 12. Be3 Bxe3 13. Nxe3 Ne7 14. a4 Ng6 15. Bc4 Bxc4 16. Nxc4 Qa6 17. g3 Rfe8 18. Ne3 Nf8 19. Qc2 Ne6 20. b4 b5 21. Nd5 Nxd5 22. exd5 Nf8 23. bxa5 Qxa5 24. axb5 Qxb5 25. c4 Qb6 26. Rab1 Qa6 27. Kg2 Nd7 28. Rbd1 Kf8 29. d4 e4 30. Nd2 Nf6 31. Qc3 Qa3 32. Nb1 Qa4 33. Rc1 h5 34. Qe3 Qb4 35. Rc3 Ra1 36. Na3 Rxe1 37. Qxe1 Qa4 38. Qd2 g6 39. Qf4 Qb4 40. Qe3 Kg7 41. Rc1 Qa4 42. Kh2 Qa6 43. Kg1 Qa5 44. Rb1 Qa4 45. Rc1 Qb4 46. Rb1 Qa4 47. Rc1 Qa6 48. Kg2 Rb8 49. Nb5 Qa2 50. Kg1 Qb2 51. Rf1 Qb4 52. Rc1 Qb2 53. Rf1 Qb4 54. Rc1 Qa4 55. Qe2 1/2-1/2

[Event "WC-2020-S-00004"]
[Site "LSS email"]
[Date "2020.04.01"]
[Round "?"]
[White "Chumanov, Valeriy"]
[Black "Osipov, Anatoly Vladimirovi"]
[Result "0-1"]
[WhiteElo "2315"]
[BlackElo "2415"]
[PlyCount "144"]
[EventDate "2020.04.01"]
[EventType "tourn (corr)"]
[EventRounds "12"]
[EventCountry "GER"]
[SourceTitle "Corr 2022"]
[Source "ChessBase"]
[SourceDate "2021.10.24"]
[SourceVersion "1"]
[SourceVersionDate "2021.10.24"]
[SourceQuality "1"]

1. d4 Nf6 2. c4 e6 3. Nf3 b6 4. e3 Bb7 5. Bd3 d5 6. 0-0 dxc4 7. Bxc4 a6 8. Qe2 Nbd7 9. Nc3 b5 10. Bb3 c5 11. Rd1 Qc7 12. e4 cxd4 13. Nxd4 Bc5 14. Be3 0-0 15. f3 Rfd8 16. Rd2 Bd6 17. g3 Ne5 18. Rad1 Be7 19. Kg2 Qa5 20. a3 h6 21. h3 Kh8 22. Kh2 Rac8 23. Rc2 b4 24. axb4 Qxb4 25. Rcd2 Rd7 26. Bf2 Rcd8 27. Ba4 Rc7 28. Bb3 Rcc8 29. Na2 Qa5 30. Nc3 g5 31. Kg2 Kh7 32. Ba2 Rd7 33. g4 Ng6 34. Bg3 Rcd8 35. Nb3 Qb4 36. Qf2 Nh4+ 37. Bxh4 gxh4 38. Rd4 Rxd4 39. Rxd4 Rxd4 40. Qxd4 Qxd4 41. Nxd4 Nd7 42. f4 Bf6 43. Nde2 a5 44. Bc4 Nc5 45. Kf3 Kg6 46. b3 Bd8 47. Nd4 Kf6 48. Ke3 Bb6 49. Kf3 Ke7 50. Ndb5 Bc6 51. Nd4 Bb7 52. Ndb5 Nd7 53. Na4 Bg1 54. Nbc3 Nc5 55. Nxc5 Bxc5 56. Nb5 Bc6 57. Nc3 Bd4 58. Nb5 Bc5 59. g5 hxg5 60. fxg5 f5 61. gxf6+ Kxf6 62. Kf4 e5+ 63. Kf3 Bd7 64. Kg2 Ke7 65. Nc3 Bc8 66. Bg8 Kd6 67. Nd5 Ba6 68. Nf6 Be2 69. Ng4 Bd4 70. Nh6 Kc5 71. Nf5 Kb4 72. Nxh4 Bd1 0-1

[Event "WC-2020-S-00004"]
[Site "LSS email"]
[Date "2020.04.01"]
[Round "?"]
[White "Mueller, Klaus"]
[Black "Chumanov, Valeriy"]
[Result "1-0"]
[WhiteElo "2460"]
[BlackElo "2315"]
[PlyCount "69"]
[EventDate "2020.04.01"]
[EventType "tourn (corr)"]
[EventRounds "12"]
[EventCountry "GER"]
[SourceTitle "Corr 2022"]
[Source "ChessBase"]
[SourceDate "2021.10.24"]
[SourceVersion "1"]
[SourceVersionDate "2021.10.24"]
[SourceQuality "1"]

1. d4 Nf6 2. c4 e6 3. Nc3 Bb4 4. f3 d5 5. a3 Bxc3+ 6. bxc3 c5 7. cxd5 exd5 8. e3 0-0 9. Bd3 Nc6 10. Ne2 Re8 11. 0-0 b6 12. Ra2 Qd6 13. g4 Ne7 14. Ng3 Be6 15. Kh1 Rac8 16. Rg1 Kh8 17. Rag2 Bd7 18. g5 Nfg8 19. h4 Rf8 20. dxc5 Qxc5 21. Bb1 f6 22. Qd3 Ng6 23. h5 fxg5 24. hxg6 Rxf3 25. Rh2 h6 26. Ne4 dxe4 27. Qxd7 Nf6 28. Qe6 b5 29. a4 Rf8 30. Bxe4 Nxe4 31. Qxe4 Qd6 32. axb5 Rf2 33. Rh3 Qd7 34. Qg4 Qxb5 35. e4 1-0

[Event "WC-2020-S-00004"]
[Site "LSS email"]
[Date "2020.04.01"]
[Round "?"]
[White "Szczepanski, Zbigniew"]
[Black "Chumanov, Valeriy"]
[Result "1/2-1/2"]
[WhiteElo "2413"]
[BlackElo "2315"]
[PlyCount "45"]
[EventDate "2020.04.01"]
[EventType "tourn (corr)"]
[EventRounds "12"]
[EventCountry "GER"]
[SourceTitle "Corr 2022"]
[Source "ChessBase"]
[SourceDate "2021.10.24"]
[SourceVersion "1"]
[SourceVersionDate "2021.10.24"]
[SourceQuality "1"]

1. d4 Nf6 2. c4 e6 3. Nc3 d5 4. cxd5 exd5 5. Bg5 Be7 6. e3 0-0 7. Bd3 c6 8. Qc2 h6 9. Bh4 Re8 10. Nge2 Nbd7 11. 0-0 Nh5 12. Bxe7 Qxe7 13. Rab1 a5 14. Na4 g6 15. a3 Ng7 16. Nf4 Ra7 17. Rfe1 Nf6 18. h3 Bf5 19. Nc5 Bxd3 20. Nfxd3 Nf5 21. Ne5 h5 22. b3 Kg7 23. a4 1/2-1/2

[Event "CP-2020-S-00001"]
[Site "LSS email"]
[Date "2020.02.03"]
[Round "?"]
[White "Chumanov, Valeriy"]
[Black "Posada, Charlie"]
[Result "1/2-1/2"]
[WhiteElo "2391"]
[BlackElo "2230"]
[PlyCount "53"]
[EventDate "2020.02.03"]
[EventType "tourn (corr)"]
[EventRounds "7"]
[EventCountry "GER"]
[SourceTitle "Corr 2022"]
[Source "ChessBase"]
[SourceDate "2021.10.24"]
[SourceVersion "1"]
[SourceVersionDate "2021.10.24"]
[SourceQuality "1"]

1. d4 e6 2. Nf3 Nf6 3. b3 b6 4. e3 Bb7 5. Bb2 Be7 6. Bd3 0-0 7. 0-0 Ne4 8. Nbd2 f5 9. c4 c5 10. d5 exd5 11. cxd5 Bxd5 12. Nxe4 fxe4 13. Bc4 Bxc4 14. bxc4 d5 15. Ne5 Bf6 16. cxd5 Nd7 17. Nc6 Qc7 18. Qb3 Qd6 19. Bxf6 Rxf6 20. Rad1 Kh8 21. Qc4 Ne5 22. Nxe5 Qxe5 23. Rd2 Rd8 24. Qa6 Rf7 25. Rfd1 Rfd7 26. Qc4 Rd6 27. Qa6 1/2-1/2

[Event "CP-2020-S-00001"]
[Site "LSS email"]
[Date "2020.02.03"]
[Round "?"]
[White "Kudr, Roman"]
[Black "Chumanov, Valeriy"]
[Result "1/2-1/2"]
[WhiteElo "2374"]
[BlackElo "2391"]
[PlyCount "55"]
[EventDate "2020.02.03"]
[EventType "tourn (corr)"]
[EventRounds "7"]
[EventCountry "GER"]
[SourceTitle "Corr 2022"]
[Source "ChessBase"]
[SourceDate "2021.10.24"]
[SourceVersion "1"]
[SourceVersionDate "2021.10.24"]
[SourceQuality "1"]

1. Nf3 c5 2. c4 Nf6 3. Nc3 e6 4. g3 d5 5. cxd5 Nxd5 6. Bg2 Nc6 7. 0-0 Be7 8. d4 0-0 9. e4 Ndb4 10. dxc5 Bxc5 11. e5 Bb6 12. Qb3 Nd5 13. Rd1 Qc7 14. Nxd5 exd5 15. Be3 Be6 16. Bxb6 axb6 17. Qe3 Rfd8 18. a3 Bg4 19. Rac1 g6 20. Qf4 Bxf3 21. Bxf3 Qxe5 22. Qxe5 Nxe5 23. Bxd5 Rd7 24. Be4 Rxd1+ 25. Rxd1 Nc4 26. Rd7 Nxb2 27. Bd5 Rxa3 28. Rxb7 1/2-1/2

[Event "RT-2020-0-00002"]
[Site "LSS email"]
[Date "2020.02.02"]
[Round "?"]
[White "Chumanov, Valeriy"]
[Black "Willmann, Bernd"]
[Result "1/2-1/2"]
[WhiteElo "2391"]
[BlackElo "2354"]
[PlyCount "48"]
[EventDate "2020.01.17"]
[EventType "tourn (corr)"]
[EventCountry "GER"]
[SourceTitle "Corr 2022"]
[Source "ChessBase"]
[SourceDate "2021.10.24"]
[SourceVersion "1"]
[SourceVersionDate "2021.10.24"]
[SourceQuality "1"]

1. e4 c5 2. Nf3 d6 3. d4 cxd4 4. Nxd4 Nf6 5. Nc3 a6 6. h3 e5 7. Nb3 Be7 8. Be3 h6 9. Qd2 Qc7 10. 0-0-0 Nbd7 11. g4 b5 12. Nd5 Nxd5 13. exd5 Nb6 14. Rg1 Bd7 15. Kb1 Rb8 16. Nc5 dxc5 17. d6 Bxd6 18. Qxd6 Qxd6 19. Rxd6 Ke7 20. Rd2 Rhc8 21. b3 g5 22. Bg2 Be6 23. Rh1 f6 24. Be4 Nd7 1/2-1/2

[Event "RT-2020-0-00002"]
[Site "LSS email"]
[Date "2020.01.20"]
[Round "?"]
[White "Susla, Vitaliy"]
[Black "Chumanov, Valeriy"]
[Result "1/2-1/2"]
[WhiteElo "2354"]
[BlackElo "2391"]
[PlyCount "56"]
[EventDate "2020.01.17"]
[EventType "tourn (corr)"]
[EventCountry "GER"]
[SourceTitle "Corr 2022"]
[Source "ChessBase"]
[SourceDate "2021.10.24"]
[SourceVersion "1"]
[SourceVersionDate "2021.10.24"]
[SourceQuality "1"]

1. d4 Nf6 2. c4 g6 3. Nc3 d5 4. cxd5 Nxd5 5. e4 Nxc3 6. bxc3 Bg7 7. Nf3 c5 8. Rb1 0-0 9. Be2 cxd4 10. cxd4 Qa5+ 11. Bd2 Qxa2 12. 0-0 Bg4 13. Bg5 h6 14. Be3 Nc6 15. d5 Bxf3 16. gxf3 Nd4 17. Bd3 a5 18. Rxb7 Qa3 19. f4 Rab8 20. Rb1 Rxb1 21. Qxb1 Rc8 22. e5 Rc3 23. Be4 Rb3 24. Qd1 Rxe3 25. Qxd4 Rc3 26. Rb1 f5 27. d6 exd6 28. Qd5+ Kh7 1/2-1/2

[Event "RT-2020-0-00002"]
[Site "LSS email"]
[Date "2020.01.17"]
[Round "?"]
[White "Chumanov, Valeriy"]
[Black "Wosch, Arkadiusz Janusz"]
[Result "1/2-1/2"]
[WhiteElo "2391"]
[BlackElo "2438"]
[PlyCount "50"]
[EventDate "2020.01.17"]
[EventType "tourn (corr)"]
[EventCountry "GER"]
[SourceTitle "Corr 2022"]
[Source "ChessBase"]
[SourceDate "2021.10.24"]
[SourceVersion "1"]
[SourceVersionDate "2021.10.24"]
[SourceQuality "1"]

1. d4 Nf6 2. c4 e6 3. Nc3 Bb4 4. Nf3 0-0 5. Bg5 h6 6. Bh4 c5 7. e3 cxd4 8. exd4 Qa5 9. Qc2 Ne4 10. Rc1 d5 11. Bd3 Qxa2 12. Bxe4 dxe4 13. Ne5 f6 14. 0-0 Bxc3 15. Qxc3 fxe5 16. Ra1 exd4 17. Qc2 Qxa1 18. Rxa1 d3 19. Qc3 Nc6 20. Bg3 e5 21. Bxe5 Rf7 22. Bd4 Bf5 23. Be3 Rd8 24. b4 a6 25. Bb6 Rdd7 1/2-1/2

[Event "WC-2019-S-00003"]
[Site "LSS email"]
[Date "2019.04.07"]
[Round "?"]
[White "Baranowski, Tadeusz"]
[Black "Chumanov, Valeriy"]
[Result "1/2-1/2"]
[WhiteElo "2377"]
[BlackElo "2321"]
[PlyCount "118"]
[EventDate "2019.04.13"]
[EventType "tourn (corr)"]
[EventRounds "12"]
[EventCountry "GER"]
[SourceTitle "Corr 2022"]
[Source "ChessBase"]
[SourceDate "2021.10.24"]
[SourceVersion "1"]
[SourceVersionDate "2021.10.24"]
[SourceQuality "1"]

1. e4 c5 2. Nf3 Nc6 3. Bb5 g6 4. Nc3 Bg7 5. 0-0 e5 6. a3 Nge7 7. b4 d6 8. bxc5 dxc5 9. Bc4 0-0 10. d3 Na5 11. Bg5 Kh8 12. Ba2 f6 13. Bd2 Nac6 14. a4 Rb8 15. h3 h6 16. Re1 b6 17. Nd5 Kh7 18. Bc3 Re8 19. Nxe7 Qxe7 20. Bc4 Qd6 21. Qe2 Be6 22. Bxe6 Qxe6 23. Nd2 h5 24. Reb1 Nd4 25. Qd1 Bh6 26. Nc4 Re7 27. Bxd4 cxd4 28. Rb3 Reb7 29. Qe1 a6 30. Rab1 Bf8 31. Qf1 b5 32. R1b2 b4 33. a5 Rb5 34. Qd1 Rc8 35. Ra2 Rc6 36. Qe2 Kh6 37. Ra1 f5 38. g3 Rc7 39. Qf3 Rh7 40. Kg2 f4 41. Rbb1 Bd6 42. Rg1 Rh8 43. Kh2 Bc7 44. Qe2 Rf8 45. g4 h4 46. g5+ Kg7 47. Rg4 Bd8 48. f3 Rh8 49. Qf2 Rh5 50. Rag1 Be7 51. Qe1 Rh8 52. Qf2 Rh5 53. Qe1 Rh8 54. R1g2 Rh5 55. Qb1 Qg8 56. Qe1 Qf8 57. Rxh4 Rxg5 58. Rxg5 Bxg5 59. Rg4 Kh6 1/2-1/2

[Event "WC-2019-S-00003"]
[Site "LSS email"]
[Date "2019.04.07"]
[Round "?"]
[White "Chumanov, Valeriy"]
[Black "Jarabinsky, Martin"]
[Result "1/2-1/2"]
[WhiteElo "2321"]
[BlackElo "2328"]
[PlyCount "75"]
[EventDate "2019.04.13"]
[EventType "tourn (corr)"]
[EventRounds "12"]
[EventCountry "GER"]
[SourceTitle "Corr 2022"]
[Source "ChessBase"]
[SourceDate "2021.10.24"]
[SourceVersion "1"]
[SourceVersionDate "2021.10.24"]
[SourceQuality "1"]

1. c4 Nf6 2. d4 e6 3. Nf3 d5 4. Nc3 c6 5. Bg5 h6 6. Bh4 dxc4 7. e4 g5 8. Bg3 b5 9. Be2 Bb7 10. 0-0 Nbd7 11. Ne5 Bg7 12. Nxd7 Nxd7 13. Bd6 a6 14. a4 Bf8 15. Bxf8 Kxf8 16. e5 Kg7 17. Ne4 c5 18. Nd6 Qb6 19. a5 Qa7 20. Bf3 Bxf3 21. Qxf3 Raf8 22. d5 Nxe5 23. Qc3 f6 24. dxe6 Nd3 25. e7 Re8 26. b3 Rxe7 27. Nf5+ Kg6 28. Nxe7+ Qxe7 29. bxc4 Qe4 30. cxb5 axb5 31. Qc2 c4 32. a6 Ra8 33. Ra5 h5 34. Rxb5 Rxa6 35. Rb8 Rc6 36. h3 Rc7 37. Ra1 h4 38. Rba8 1/2-1/2